quiz dla GEOMEX - Statystyki

Ogólne statystyki
  • Ten quiz został rozwiązany 44 razy
  • Średni wynik to 10 z 11
Statystyki odpowiedzi
WSKAZÓWKA WPISZ % Poprawnych
996-1038 Gniezno
100%
1038 – 1079 Kraków
100%
1138 – 1295 Kraków
100%
1296 – 1596 Kraków
100%
1596 – 1795 Warszawa
100%
1807 – 1832 Warszawa
100%
1918 – 1939 Warszawa
100%
1945-teraz Warszawa
100%
1295 – 1296 Poznań
69%
1944-1945 Lublin
46%
1079 – 1138 Płock
41%
Nie znaleziono quizów pasujących do podanych kryteriów
Rozkład punktacji
Procent ludzi z każdym wynikiem
Percentyl według liczby udzielonych odpowiedzi
Twoja historia wyników
Nie rozwiązałeś tego quizu